000 04237nam a22002537a 4500
003 OSt
005 20250429114947.0
008 250428b |||||||| |||| 00| 0 eng d
020 _a9789351611110
040 _cAIMIT LIBRARY
082 _21
_a658.3
_bPRAL
100 _aPrasad, L M.
_9208991
245 _aHuman resource management /
_cBy L M Prasad.
260 _aNew Delhi :
_bSultan Chand and Sons ,
_c2024.
300 _axiv,586 p.;
_bPB
_c25.2 cm.
500 _aThe present text is the most authentic presentation of contemporary concepts and practices in Human Resource Management. An attempt has been made to incorporate the latest developments in the field. Many examples have been presented to show human resource management practices adopted by leading Indian companies. The book ideally fulfills the requirements of MBA/PGDM/M.Com and other relevant PG degrees/diplomas for Human Resource Management course. Besides, personnel managers whose organisations are graduating from traditional personnel management practices to modern human resource management practices, will also find this book worthwhile. The main features of the book are as follows : Most comprehensive coverage with latest developments. Subject-matter presented in simple and lucid style with suitable use of Figures, Tables and Exhibits. Proper blend of theories and their practices in Indian situations. Forty-five Exhibits showing how leading Indian companies follow different human resource management practices. Live cases for class-room discussion to sharpen the diagnostic and analytical skills of the participants. Each chapter commencing with the presentation of theme, contents and two relevant thoughts of leading personalities from India and abroad. Changes in the Present Edition The book in its third edition has been thoroughly revised and restructured with a view to incorporate the latest developments as well as to put the relevant and closely related subject-matters together. The following changes have been made in the present edition : New Additions. In the present edition, many newwr concepts have been added. Some relevant concepts and issues are human capital management, talent management, issues related to workforce diversity, business process reengineering, ethical issues in human resource management, strategic performance appraisal, carrer customisation, secondment, stay interview, and outplacement. A case has been added to every chapater for classroom discussion as well as learning through cases. Besides the above addition, most of the chapters have been written afresh to incorproate the latest developments related to relevant issues
505 _aPart I : Framework for Human Resource Management Nature Human Resource Management Human Resource Management Functions Strategic HRM Environmental Influences on Human Resource Management Human Resource Philosophy and Policy Human Resource Information System Research, Accounting and Audit. Part II : Acquiring Human Resources Human Resource Planning Job Design and Job Analysis Recruitment Selection Socialisation, Orientation and Placement. Part III : Developing Human Resources Human Resource Development System Career Planning & Development Training and Development Organisation Development. Part IV : Managing Performance and Compensation Performance Management Compensation Management Incentives and Benefits. Part V : Motivating and Maintaining Human Resources Motivating Environment Empowerment and Participation Safety and Health Management Human Resource Mobility. Part VI : Managing Industrial Relations Dynamics of Industrial Relations Discipline and Grievance Management Management of Industrial Disputes. Part VII : Human Resource Management for Global Business International Human Resource Management Appendix : Learning Through Cases Name Index Organisation Index Subject Index
_rPrasad L.M.
650 _aHuman resource management environment
_9208992
650 _aHuman resource management
_9208993
650 _aJob design and job analysis
_9208994
650 _aCompensation management
_9208995
650 _aDiscipline and grievance management
_9208996
942 _2ddc
_cBK
_k658.3 PRAL
999 _c234254
_d234254